Anything but China Quiz Stats

 Plays Quiz Updated Feb 13, 2019

Support Sporcle.
Go Orange.
Score 0/43 Timer 07:00
1 Play Today
% Correct
Russia
95.9%
Russia
95.9%
India
95.4%
India
95%
India
93.5%
Japan
91.4%
Nepal
90.8%
Brazil
89.8%
Nepal
89.7%
Brazil
85.8%
United Kingdom
85.6%
United States of America
85.4%
Pakistan
84.2%
Vietnam
79.4%
Vietnam
79.2%
Germany
78.1%
Kazakhstan
76.5%
Uzbekistan
75.4%
Canada
75.2%
Afghanistan
74.7%
South Korea
74.5%
France
74.1%
% Correct
Australia
71.4%
Tajikistan
71.3%
Bhutan
71.1%
Thailand
70%
Indonesia
66.5%
Bangladesh
64.3%
Myanmar
61.9%
Greece
61.7%
Italy
61.2%
Yemen
61.2%
Argentina
59.8%
Syria
56.9%
Qatar
54.6%
Democratic Republic of the Congo
51.5%
Ghana
50.7%
Philippines
48.6%
Botswana
36.4%
Kyrgyzstan
33%
Guyana
32.6%
Bosnia and Herzegovina
30%
North Macedonia
26.9%

From the Vault

Republican Presidents of the US

by Caedus

History 6m
Remember: it's RepubliCAN, not RepubliCAN'T.
Remove Ads.
Support Sporcle.
Get the best of Sporcle when you Go Orange. This ad-free experience offers more features, more stats, and more fun while also helping to support Sporcle. Thank you for becoming a member.

Show Comments

Extras

Top Quizzes Today


Score Distribution

Your Account Isn't Verified!

In order to create a playlist on Sporcle, you need to verify the email address you used during registration. Go to your Sporcle Settings to finish the process.

Report this User

Report this user for behavior that violates our Community Guidelines.

Details: